2004 UEFA European Championship Cities - Statistics

General Stats
  • This quiz has been taken 16 times
  • The average score is 5 of 8
Answer Stats
Picture Answer % Correct
Lisbon
100%
Porto
100%
Braga
75%
Faro
75%
Coimbra
56%
Guimarães
50%
Leiria
44%
Aveiro
38%
No matching quizzes found
Score Distribution
Percent of People with Each Score
Percentile by Number Answered
Your Score History
You have not taken this quiz